000 00615nam a2200181Ia 4500
008 130821s1976 mx gr spa
040 _aCo-BoUCM
_bspa
041 _aspa
100 _aBonifaz Nuño, Rubén
_9155791
245 _aTiempo y eternidad en Virgilio La Eneida, libros I-VI
_cRubén Bonifaz Nuño
260 _aMéxico D.F. (México)
_bUNAM
_c1976
300 _a181 páginas
490 _aCuadernos del Centro de Estudios Cl sicos; 5
650 0 4 _aCrítica literaria
_912204
650 0 4 _aPoesía épica
_921800
942 _cLIBRO
_a18
_e1
_mB65T
_2DEWEY
_h871
_n0
999 _c12375
_d12375